00655nam a2200157Ia 4500008004100000100001900041245015400060245004300214260005300257260000900310300001000319650001500329856006100344999001900405952007300424170221s9999 xx 000 0 und d aShouvik Sanyal 3aAn Analysis of the Impact of Service Quality and Passenger Satisfaction on Passenger Preference for Airlines : A Study of the Indian Aviation Sector  cShouvik Sanyal, Mohammed Wamique Hisam bInternational Review of Management and Marketing c2016 a6 : 2 xMarketing. uhttp://www.econjournals.com/index.php/irmm/issue/view/72 c308098d308098 001040aCLbCLd2017-02-21l0r2017-02-21 00:00:00w2017-02-21yFOJ